000 01705nam a2200277 a 4500
001 77781
003 BD-RjUL
005 20211209083025.0
008 210111s2008 bg ||||| m||| 00| 0 ben d
035 _a(BD-RjUL)78007
040 _aBD-RjUL
_bben/eng
_dBD-RjUL
041 _aben
082 _a297.2
_bSHI 2008
_223
100 _aশরীফ, মো. সাদী
_9243494
245 1 0 _aইসলামে প্রধান ধর্মতাত্ত্বিক সম্প্রদায়সমূহের উদ্ভব ও বিকাশ :
_bএকটি পর্যালোচনা /
_cমোঃ সাদী শরীফ ;
_6গবেষণা তত্ত্বাবধায়ক : এফ. এম. এ. এইচ. তাকী
260 _aরাজশাহী :
_bইসলামিক স্টাডিজ বিভাগ, রাজশাহী বিশ্ববিদ্যালয়,
_c২০০৮
300 _aviii, ২৯৫ পাতা ;
_c২৯ সেমি.
502 _aথিসিস (পিএইচ. ডি.) -- ইসলামিক স্টাডিজ বিভাগ, রাজশাহী বিশ্ববিদ্যালয়, ২০০৮
504 _aগ্রন্থপঞ্জি : পাতা ২৮৭-২৯৫
650 _aইসলাম
_xমতবাদ
_xইতিহাস
_9243629
650 _aIslam
_xDoctrines
_xHistory
_9243630
650 _aইসলাম
_xধর্মতত্ত্ব
_xইতিহাস
_9243631
650 _aIslam
_xTheology
_xHistory
_9243632
700 _aতাকী, এফ. এম. এ. এইচ. গবেষণা তত্ত্বাবধায়ক
_9243497
942 _2ddc
_cTHE
999 _c77781
_d77781